Halogenation of triosmium clusters /
Saved in:
| Main Author: | |
|---|---|
| Format: | Thesis Book |
| Language: | English |
| Published: |
1999.
|
| Tags: |
Add Tag
No Tags, Be the first to tag this record!
|
| LEADER | 00651cam a2200205 a 4500 | ||
|---|---|---|---|
| 001 | u448207 | ||
| 003 | SIRSI | ||
| 008 | 991117s1999 si 00 eng | ||
| 035 | |a ACI-4448 | ||
| 040 | |a UMM | ||
| 090 | |a QD3 |b NUS 1999 Liu | ||
| 100 | 1 | 0 | |a Liu, Yao. |
| 245 | 1 | 0 | |a Halogenation of triosmium clusters / |c by Liu Yao. |
| 260 | |c 1999. | ||
| 300 | |a vi, 70 leaves : |b ill. ; |c 30 cm. | ||
| 502 | |a Dissertation (M.Sc.) -- National University of Singapore, 1999. | ||
| 504 | |a Bibliography: p. 69. | ||
| 948 | |a 25/11/1999 |b 25/02/2003 | ||
| 596 | |a 1 | ||
| 999 | |a QD3 NUS 1999 LIU |w LC |c 1 |i A509204373 |l B_KOM4 |m P01UTAMA |r Y |s Y |t TESIS |u 12/11/2002 |o .PUBLIC. BKOM 4 :44482 | ||
